000 00602nam a2200241Ia 4500
003 OSt
005 20221005115147.0
006 a|||||r|||| 00| 0
007 ta
008 221004b |||||||| |||| 00| 0 eng d
024 _a38672
037 _cTextual
040 _aCRL
_cCRL
_beng
041 _2eng
_aeng
082 _aO:3wM3, C6
100 _aShorter Clement
_9627211
245 0 _aBrontes and their circle
260 _c1896
490 _aWayfarer's library
650 _aENGLISH LITERATURE
942 _hO:3wM3, C6
_cTEXL
_2cc
999 _c1033607
_d1033607